Loading...
| Social Science | 1 | 3 | 2 | 2 | 35 | 64 | 119.75 | 1 | 3 | 0.00 | 0.00 |
| Religion | 0 | 3 | 0 | 0 | 30 | 89 | 116.00 | 1 | 3 | 0.00 | 0.00 |
| Mythology | 1 | 1 | 0 | 0 | 25 | 50 | 83.50 | 1 | 2 | 0.00 | 0.00 |
| Current Events | 0 | 2 | 0 | 0 | 20 | 96 | 104.50 | 0 | 0 | 0.00 | 0.00 |
| Geography | 0 | 2 | 0 | 0 | 20 | 79 | 105.50 | 0 | 1 | 0.00 | 0.00 |
| History - European | 0 | 2 | 0 | 1 | 20 | 82 | 94.50 | 0 | 1 | 0.00 | 0.00 |
| Literature - European | 0 | 2 | 0 | 0 | 20 | 127 | 129.00 | 0 | 1 | 0.00 | 0.00 |
| Science - Other | 1 | 0 | 0 | 0 | 15 | 51 | 51.00 | 1 | 1 | 0.00 | 0.00 |
| Fine Arts - Visual | 1 | 0 | 0 | 0 | 15 | 75 | 75.00 | 1 | 1 | 0.00 | 0.00 |
| Philosophy | 0 | 2 | 1 | 0 | 15 | 95 | 107.50 | 0 | 1 | 0.00 | 0.00 |
| Literature - American | 1 | 0 | 0 | 0 | 15 | 81 | 81.00 | 1 | 1 | 0.00 | 0.00 |
| History - Ancient/Other | 0 | 1 | 0 | 0 | 10 | 133 | 133.00 | 0 | 1 | 0.00 | 0.00 |
| Literature - British | 0 | 1 | 0 | 0 | 10 | 104 | 104.00 | 0 | 1 | 0.00 | 0.00 |
| Fine Arts - Auditory | 0 | 1 | 0 | 0 | 10 | 92 | 92.00 | 0 | 1 | 0.00 | 0.00 |
| Literature - World | 0 | 1 | 0 | 0 | 10 | 94 | 94.00 | 1 | 1 | 0.00 | 0.00 |
| Fine Arts - Other | 0 | 1 | 1 | 0 | 5 | 103 | 103.00 | 0 | 1 | 0.00 | 0.00 |